000 00301nam a2200109 4500
008 b xx# fre u
040 _aLB-BrCRDP
082 1 _a740
_bLEG
245 1 0 _aJ'apprends à dessiner la mer
_cPhilippe Legendre
942 _cBK
999 _c9615
_d9615